Lengua y literatura : temas de enseñanza e investigacion /
Guardado en:
| Autor Principal: | |
|---|---|
| Formato: | Libro |
| Publicado: |
Cordoba :
Universidad Nacional,
2000
|
| Materias: | |
| Etiquetas: |
Agregar Etiqueta
Sin Etiquetas, Sea el primero en etiquetar este registro!
|
| LEADER | 00562nam a22001695a 4500 | ||
|---|---|---|---|
| 001 | EHU.bham024083 | ||
| 003 | AR-BHAM | ||
| 005 | 20130507115834.0 | ||
| 008 | 130507s2000##################000#0#####d | ||
| 082 | 4 | 6 | |a 460.7 |
| 100 | 1 | |a Herrera De Bett, Graciela, Comp. | |
| 245 | 1 | 0 | |a Lengua y literatura : |b temas de enseñanza e investigacion / |c Graciela, Comp. Herrera De Bett |
| 260 | |a Cordoba : |b Universidad Nacional, |c 2000 | ||
| 300 | |a 359 p. | ||
| 653 | |a Lenguaje | ||
| 653 | |a Literatura-enseÑanza de la | ||
| 859 | |a AR-BHAM |b BIB. HUMANIDADES - General |h 460.7 |i H434 |p 628.01 |t Ej.1 | ||
